000 01018nam a22002295i 4500
001 176564
003 ES-MaACL
005 20240415143612.0
008 110124q1953 sp 000 d spa d
080 _a821.131.1-22"19"
100 1 _aNiccodemi, Darío.
_985528
245 1 3 _aLa enemiga :
_bcomedia dramática en tres actos /
_cDarío Nicodemi ; traducción y adaptación de Eduardo Marquina.
260 _aMadrid :
_b[s. n.,
_c1953?] (
_fArba, imp.)
300 _a60 p. ;
_c17 cm.
490 1 _aBiblioteca teatral ;
_v145
594 _aEn port.: Estrenada en el Teatro de la Princesa por la Compañía de María Guerrero y representada con enorme suceso artístico en el Teatro Calderón, de Madrid, por la eminentísima actriz María Fernanda Ladrón de Guevara.
599 _aAntep. ilustrada.
700 1 _aMarquina, Eduardo,
_d1879-1946
_977043
830 1 _aBiblioteca teatral ;
_v145
_9190120
852 4 _aES-MaACL
_jE-14125 (145)
_xOlim P-302
_z- Enc. con otros títulos
999 _c176564
_d176564